Tous les joueurs du FC Barcelone depuis 2010 - Statistiques

Statistiques générales
  • Ce quiz a été pris 483 fois
    72 depuis la dernière actualisation
  • Le résultat moyen est 72 sur 166
Statistiques - réponses
Poste Nationalité Saison(s) Réponse % Correct
Milieu Espagne 2002-2018 Andrés Iniesta
97%
Mileu Espagne 1998-2015 Xavi
97%
Milieu Espagne 2013-2019 Denis Suarez
95%
Attaquant Uruguay 2014-2020 Luis Suarez
95%
Gardien Allemagne 2014- Marc-André ter Stegen
95%
Milieu Venezuela 2008-2011 Jeffren Suarez
93%
Attaquant Argentine 2004-2021 Lionel Messi
93%
Milieu Espagne 2008-2023 Sergio Busquets
93%
Défenseur Brésil 2008-2016 2021-2022 Dani Alves
92%
Défenseur Espagne 2008-2022 Gérard Piqué
92%
Attaquant Espagne 2023- Lamine Yamal
92%
Gardien Espagne 2000-2014 Victor Valdés
92%
Attaquant Brésil 2013-2017 Neymar
90%
Défenseur / milieu Espagne 2017-2021 Oriol Busquets
90%
Milieu Croatie 2014-2020 Ivan Rakitic
89%
Milieu Pays-Bas 2019- Frenkie De Jong
87%
Attaquant Pays Bas 2021-2022 Luuk de Jong
87%
Attaquant Pologne 2022- Robert Lewandowski
87%
Milieu Espagne 2021- Gavi
85%
Milieu Espagne 2020- Pedri
85%
Attaquant Brésil 2022- Raphinha
84%
Défenseur Espagne 1999-2014 Carles Puyol
82%
Défenseur Espagne 2012-2023 Jordi Alba
82%
Attaquant Espagne 2022-2025 Pablo Torre
82%
Attaquant Gabon 2021-2022 Pierre-Emerick Aubameyang
82%
Défenseur Uruguay 2019- Ronald Araujo
82%
Gardien Chili 2014-2016 Claudio Bravo
80%
Attaquant Chili 2011-2014 Alexis Sanchez
79%
Défenseur Espagne 2023- Pau Cubarsi
75%
Défenseur France 2016-2023 Samuel Umtiti
75%
Attaquant France 2019-2022 Antoine Griezmann
74%
Défenseur France 2022- Jules Koundé
74%
Attaquant France 2017-2023 Ousmane Dembélé
74%
Attaquant Suède 2009-2011 Zlatan Ibrahimovic
74%
Défenseur Espagne 2015-2018 Aleix Vidal
72%
Milieu Chili 2018-2020 Arturo Vidal
72%
Attaquant Espagne 2010-2013 David Villa
72%
Attaquant Espagne 2022- Ferran Torres
72%
Défenseur Argentine 2010-2018 Javier Mascherano
72%
Attaquant Angleterre 2025- Marcus Rashford
72%
Défenseur Espagne 2021- Alejandro Balde
69%
Défenseur France 2007-2013 Éric Abidal
69%
Défenseur Espagne 2024- Gerard Martín
69%
Gardien Espagne 2025- Joan Garcia
69%
Défenseur Espagne 2021-2023 Éric Garcia
67%
Milieu Bosnie 2020-2022 Miralem Pjanic
67%
Attaquant Espagne 2008-2015 Pedro
67%
Attaquant Espagne 2023- Fermin Lopez
66%
Défenseur France 2014-2017 Jérémy Mathieu
66%
Défenseur Espagne 2010-2024 Sergi Roberto
66%
Attaquant Turquie 2015-2020 Arda Turan
62%
Défenseur Espagne 2023-2025 Inigo Martinez
62%
Défenseur Danemark 2022- Andreas Christensen
61%
Gardien Pays-Bas 2016-2019 Jasper Cillessen
61%
Milieu Bresil 2018-2020 Arthur
59%
Milieu Bresil 2018-2022 Philippe Coutinho
59%
Défenseur France 2018-2025 Clément Lenglet
57%
Gardien Pologne 2024- Wojciech Szczęsny
57%
Attaquant Danemark 2020-2022 Martin Braithwaite
56%
Défenseur États-Unis 2021-2024 Sergiño Dest
56%
Milieu Côte d’Ivoire 2022-2023 Franck Kessié
54%
Milieu Allemagne 2023- Ilkay Gundogan
54%
Attaquant Pays Bas 2021-2023 Memphis Depay
54%
Défenseur Espagne 2016-2017 Borja Lopez
52%
Gardien Espagne 2019- Iñaki Peña
51%
Milieu Espagne 2024- Dani Olmo
49%
Défenseur France 2016-2018 Lucas Digne
49%
Milieu Bresil 2011-2020 Rafinha
49%
Milieu Mali 2008-2012 Seydou Keita
49%
Attaquant Espagne 2019- Ansu Fati
48%
Défenseur Portugal 2023-2024 Joâo Cancelo
48%
Attaquant Portugal 2023-2024 Joâo Felix
48%
Gardien Espagne 2008-2014 José Manuel Pinto
48%
Gardien Brésil 2019-2022 Neto
48%
Défenseur Belgique 2014-2019 Thomas Vermaelen
48%
Milieu Cameroun 2012-2016 Alexandre Song
46%
Milieu Espagne 2022- Marc Casado
46%
Défenseur Portugal 2017-2020 Nélson Semedo
46%
Milieu Espagne 2009-2013 Thiago Alcantara
44%
Milieu Portugal 2016-2019 André Gomes
43%
Milieu Brésil 2017-2019 Paulinho
43%
Défenseur Colombie 2018-2019 Yerry Mina
43%
Milieu Espagne 2018-2022 Riqui Puig
39%
Milieu Espagne 2011-2014 Cesc Fabregas
38%
Attaquant Maroc 2021-2023 Ez Abde
38%
Attaquant Portugal 2020-2023 Francisco Trincao
38%
Attaquant Espagne 2013-20152021-2022 Adama Traoré
36%
Défenseur Brésil 2010-2016 Adriano
36%
Défenseur France 2019-2021 Jean-Clair Todibo
36%
Défenseur Espagne 2009-2016 Marc Bartra
36%
Milieu Espagne 2024- Marc Bernal
36%
Défenseur Brésil 2009-2012 Maxwell
36%
Milieu Espagne 2010-20112023- Oriol Romeu
36%
Attaquant Brésil 2024-2025 Vitor Roque
36%
Attaquant Espagne 2011-2015 2017-2018 Gerard Deulofeu
33%
Défenseur Espagne 2023- Héctor Fort
33%
Défenseur Espagne 2022-2024 Marcos Alonso
33%
Attaquant Maroc 2014-2019 Munir
33%
Attaquant Espagne 2007-2011 Bojan Krkic
30%
Milieu Pays-Bas 2010-2015 Ibrahim Afellay
30%
Milieu Espagne 2021-2023 Nico Gonzalez
30%
Attaquant Espagne 2016-2019 Paco Alcacer
28%
Attaquant Espagne 2024- Toni Fernandez
28%
Attaquant Brésil 2017-2019 Malcom
26%
Défenseur Espagne 2020-2022 Oscar Mingueza
26%
Milieu/attaquant Suède 2025- Roony Bardghji
26%
Milieu/attaquant Espagne 2025- Dani Rodriguez
25%
Milieu Ghana 2018-2019 Kevin-Prince Boateng
25%
Milieu Biélorussie 2008-2012 Aliaksandr Hleb
23%
Attaquant Espagne 2011-2017 Cristian Tello
23%
Défenseur Espagne 2018-2019 Marc Cucurella
23%
Défenseur Espagne 2011-2016 Martin Montoya
23%
Défenseur Brésil 2019-2021 Emerson
21%
Milieu Mexique 2009-2014 Jonathan Dos Santos
21%
Défenseur Sénégal 2019-2022 Moussa Wagué
21%
Défenseur Argentine 2007-2011 Gabriel Milito
20%
Défenseur Colombie 2018-2019 Jeison Murillo
20%
Attaquant Autriche 2021-2022 Yusuf Demir
20%
Défenseur Espagne 2024- Andrés Cuenca
18%
Milieu Espagne 2016-2021 Carles Aleña
18%
Attaquant Espagne 2021-2022 Ferran Jutgla
18%
Milieu Guinée 2020-2021 Ilaix Moriba
18%
Attaquant Espagne /Maroc 2021-2023 Ilias Akhomach
18%
Milieu Espagne 2011-2014 Isaac Cuenca
18%
Défenseur Espagne 2018-2020 Jorge Cuenca
18%
Défenseur Espagne 2019-2021 Junior Firpo
18%
Attaquant États-Unis 2020-2021 Konrad de la Fuente
18%
Attaquant Espagne 2024-2025 Pau Víctor
18%
Défenseur Espagne 2022-2023 Hector Bellerin
16%
Attaquant Espagne 2019-2020 Abel Ruiz
15%
Milieu Croatie 2014-2016 Alen Halilovic
15%
Gardien Espagne 2008-2017 Jordi Masip
15%
Défenseur Uruguay 2008-2010 Martin Caceres
15%
Attaquant Espagne 2014-2016 Sandro Ramirez
15%
Milieu Espagne 2014-2019 Sergi Samper
15%
Défenseur Maroc 2022-2024 Chadi Riad
13%
Attaquant Espagne 2023-2024 Marc Guiu
13%
Milieu Espagne 2018-2023 Alex Collado
10%
Défenseur Brésil 2014-2019 Douglas
8%
Défenseur Brésil 2016-2017 Marlon
8%
Attaquant Espagne 2010-2011 Nolito
8%
Défenseur Espagne 2018-2021 Juan Miranda
7%
Milieu Espagne 2008-2011 Victor Vazquez
7%
Attaquant Espagne 2009-2010 Jonathan Soriano
5%
Défenseur Espagne 2009-2013 Marc Muniesa
5%
Milieu Brésil 2020-2021 Matheus Fernandes
5%
Défenseur Espagne 2021-2022 Mika Marmol
5%
Gardien Espagne 2008-2012 Rubén Miño
5%
Défenseur Espagne 2024- Sergi Dominguez
5%
Milieu Cameroun 2015-2018 Wilfrid Kaptoum
5%
Défenseur Espagne 2009-2013 Andreu Fontàs
3%
Attaquant Espagne 2017-2018 José Arnaiz
3%
Défenseur Espagne 2016-2018 Juan Camara
3%
Gardien Espagne 2007-2014 Oier Olazábal
3%
Milieu Espagne 2022- Alvaro Sanz
2%
Défenseur Espagne 2009-2014 Carles Planas
2%
Défenseur Espagne 2017-2018 David Costas
2%
Défenseur Portugal 2014-2015 Edgar Ié
2%
Milieu Espagne 2015-2016 Gérard Gumbau
2%
Attaquant Cameroun 2013-2014 Jean Marie Dongou
2%
Attaquant Espagne 2016-2019 Marc Cardona
2%
Milieu Espagne 2011-2012 Marti Riverola
2%
Milieu Espagne 2019-2021 Monchu
2%
Défenseur Espagne 2012-2013 Patric
2%
Attaquant Espagne 2023- Angel Alarcon
0%
Attaquant Espagne 2022-2024 Estanis
0%
Aucun quiz correspondant
Distribution des résultats
% des personnes avec chaque résultat
Percentile par nombre de réponses
Votre historique - résultats
Vous n’avez pas pris ce quiz depuis la dernière actualisation